[Event "SUI-chT"]
[Site "Switzerland"]
[Date "2017.09.03"]
[Round "7.3"]
[White "Hommeles, Theo"]
[Black "Poignot, Quentin"]
[Result "1-0"]
[WhiteElo "2374"]
[BlackElo "2203"]
[PlyCount "91"]
[EventDate "2017.03.19"]
[EventType "team-swiss"]
[EventRounds "9"]
[EventCountry "SUI"]
[SourceTitle "EXT 2018"]
[Source "ChessBase"]
[SourceDate "2017.10.13"]
[SourceVersion "1"]
[SourceVersionDate "2017.10.13"]
[SourceQuality "1"]
[WhiteTeam "Bodan"]
[BlackTeam "Neuchatel"]
[WhiteTeamCountry "SUI"]
[BlackTeamCountry "SUI"]

1. e4 c5 2. Nf3 d6 3. d4 cxd4 4. Nxd4 Nf6 5. Nc3 g6 6. Be3 Bg7 7. Qd2 0-0 8. f3 Nc6 9. 0-0-0 d5 10. exd5 Nxd5 11. Nxc6 bxc6 12. Bd4 e5 13. Bc5 Be6 14. Bc4 Nxc3 15. Qxc3 Qg5+ 16. Kb1 e4 17. Bd4 Bxd4 18. Qxd4 Bxc4 19. Qxc4 exf3 20. gxf3 Qf6 21. Rd3 Rad8 22. Rhd1 Rfe8 23. a4 Rxd3 24. Rxd3 Rb8 25. Qd4 Qe7 26. Qd6 Qe1+ 27. Ka2 Qe8 28. Rd4 Qc8 29. b3 Qb7 30. Rc4 Rc8 31. f4 Qb6 32. Qd7 Qc7 33. Qxc7 Rxc7 34. Ka3 Kf8 35. Kb4 Ke7 36. Kc5 f6 37. Re4+ Kd7 38. b4 Rc8 39. c4 f5 40. Re3 a6 41. Rh3 h5 42. Rg3 Rg8 43. h4 Kc7 44. a5 Rg7 45. Re3 g5 46. hxg5 1-0

[Event "SUI-chT"]
[Site "Switzerland"]
[Date "2017.09.02"]
[Round "6.3"]
[White "Poignot, Quentin"]
[Black "Froewis, Georg"]
[Result "0-1"]
[WhiteElo "2203"]
[BlackElo "2441"]
[PlyCount "44"]
[EventDate "2017.03.19"]
[EventType "team-swiss"]
[EventRounds "9"]
[EventCountry "SUI"]
[SourceTitle "EXT 2018"]
[Source "ChessBase"]
[SourceDate "2017.10.13"]
[SourceVersion "1"]
[SourceVersionDate "2017.10.13"]
[SourceQuality "1"]
[WhiteTeam "Neuchatel"]
[BlackTeam "Luzern"]
[WhiteTeamCountry "SUI"]
[BlackTeamCountry "SUI"]

1. e4 e6 2. d4 d5 3. Nd2 Nc6 4. Ngf3 Nf6 5. e5 Nd7 6. Nb3 Be7 7. Be2 f6 8. exf6 Bxf6 9. c4 0-0 10. 0-0 Nb6 11. cxd5 Qxd5 12. Qc2 a5 13. Bd3 Qh5 14. Be3 Nb4 15. Qe2 Nxd3 16. Qxd3 Nd5 17. Nc5 b6 18. Nb3 Ba6 19. Qe4 Bxf1 20. Qxe6+ Qf7 21. Qxf7+ Rxf7 22. Rxf1 Re7 0-1

[Event "SUI-chT"]
[Site "Switzerland"]
[Date "2017.06.11"]
[Round "5.3"]
[White "Poignot, Quentin"]
[Black "Bogner, Sebastian"]
[Result "0-1"]
[WhiteElo "2203"]
[BlackElo "2589"]
[PlyCount "102"]
[EventDate "2017.03.19"]
[EventType "team-swiss"]
[EventRounds "9"]
[EventCountry "SUI"]
[SourceTitle "EXT 2018"]
[Source "ChessBase"]
[SourceDate "2017.10.13"]
[SourceVersion "1"]
[SourceVersionDate "2017.10.13"]
[SourceQuality "1"]
[WhiteTeam "Neuchatel"]
[BlackTeam "Reti"]
[WhiteTeamCountry "SUI"]
[BlackTeamCountry "SUI"]

1. e4 c5 2. Nf3 d6 3. d4 cxd4 4. Nxd4 Nf6 5. Nc3 a6 6. Be2 e5 7. Nb3 Be7 8. Be3 Be6 9. 0-0 0-0 10. f4 exf4 11. Rxf4 Nc6 12. Nd5 Bxd5 13. exd5 Ne5 14. Rb4 Qc7 15. a4 Nfd7 16. Qd2 Nc5 17. a5 Rac8 18. Nd4 g6 19. c3 Rfe8 20. Nf3 Bf6 21. Nxe5 Bxe5 22. Bf3 Qe7 23. Bf2 f5 24. Re1 Qg7 25. Be3 Qc7 26. Rc4 Qe7 27. Bxc5 dxc5 28. d6 Qxd6 29. Qxd6 Bxd6 30. Rxe8+ Rxe8 31. Bxb7 Rb8 32. Bxa6 Ra8 33. Bb7 Rxa5 34. g3 Ra1+ 35. Kg2 Rb1 36. b4 Rb2+ 37. Kg1 cxb4 38. cxb4 Kg7 39. Bd5 Kf6 40. Bg8 Kg7 41. Bd5 h5 42. Bc6 Bxb4 43. Ba4 Bd6 44. Bc2 Kf6 45. Bd3 Rd2 46. Bf1 g5 47. Rc3 g4 48. Rd3 Bc5+ 49. Kh1 Rb2 50. Rd5 Be3 51. h3 Rb1 0-1

[Event "Avoine op 30th"]
[Site "Avoine"]
[Date "2015.07.24"]
[Round "7"]
[White "Suez Panama, Gilles"]
[Black "Poignot, Quentin"]
[Result "1-0"]
[WhiteElo "2035"]
[BlackElo "2170"]
[PlyCount "81"]
[EventDate "2015.07.18"]
[EventType "swiss"]
[EventRounds "9"]
[EventCountry "FRA"]
[SourceTitle "EXT 2016"]
[Source "ChessBase"]
[SourceDate "2015.10.08"]
[SourceVersion "1"]
[SourceVersionDate "2015.10.08"]
[SourceQuality "1"]

1. d4 Nf6 2. Nf3 e6 3. c4 c5 4. d5 exd5 5. cxd5 d6 6. Nc3 g6 7. g3 Bg7 8. Bg2 0-0 9. 0-0 Re8 10. Nd2 a6 11. a4 Nbd7 12. h3 Rb8 13. Nc4 Ne5 14. Na3 Nh5 15. e4 Bd7 16. a5 b5 17. axb6 Bb5 18. Naxb5 axb5 19. Nxb5 Qxb6 20. Na3 Qb3 21. g4 Nf6 22. Qxb3 Rxb3 23. Bf4 Nf3+ 24. Kh1 Nxe4 25. Nc4 Bd4 26. Nxd6 Nxd6 27. Bxd6 Bxb2 28. Ra4 Bd4 29. Bc7 Re2 30. d6 Ne5 31. Ra8+ Kg7 32. Re8 Rbb2 33. Re7 Kf8 34. d7 Nxd7 35. Rxd7 Rxf2 36. Rxf2 Rxf2 37. Bd6+ Kg7 38. g5 h6 39. h4 hxg5 40. hxg5 c4 41. Bg3 1-0

[Event "Avoine op 30th"]
[Site "Avoine"]
[Date "2015.07.22"]
[Round "5"]
[White "Navrotescu, Catalin"]
[Black "Poignot, Quentin"]
[Result "1-0"]
[WhiteElo "2407"]
[BlackElo "2170"]
[PlyCount "83"]
[EventDate "2015.07.18"]
[EventType "swiss"]
[EventRounds "9"]
[EventCountry "FRA"]
[SourceTitle "EXT 2016"]
[Source "ChessBase"]
[SourceDate "2015.10.08"]
[SourceVersion "1"]
[SourceVersionDate "2015.10.08"]
[SourceQuality "1"]

1. d4 Nf6 2. c4 g6 3. Nc3 Bg7 4. e4 d6 5. Be2 0-0 6. Bg5 Nbd7 7. Qd2 e5 8. d5 a5 9. Bd1 Nc5 10. Bc2 Qe8 11. Nge2 Nh5 12. Nb5 f6 13. Be3 Qe7 14. 0-0-0 f5 15. exf5 gxf5 16. f3 Kh8 17. h3 b6 18. g4 Nf6 19. Nec3 f4 20. Bxc5 bxc5 21. Qd3 e4 22. Nxe4 Nxe4 23. Qxe4 Qxe4 24. Bxe4 Rf7 25. a4 Ba6 26. Kc2 Bxb5 27. axb5 Rff8 28. Rd3 a4 29. Ra1 Ra5 30. Ra2 Rfa8 31. Bf5 Be5 32. Rda3 Kg7 33. Kd3 h6 34. Ke4 Kf6 35. h4 R5a7 36. Bd7 Ra5 37. Bc6 R8a7 38. Rd3 Kg7 39. Kf5 Kf7 40. Rd2 a3 41. b3 Kg7 42. Re2 1-0

[Event "Avoine op 30th"]
[Site "Avoine"]
[Date "2015.07.21"]
[Round "4"]
[White "Poignot, Quentin"]
[Black "Delorme, Alban"]
[Result "1/2-1/2"]
[WhiteElo "2170"]
[BlackElo "2353"]
[PlyCount "44"]
[EventDate "2015.07.18"]
[EventType "swiss"]
[EventRounds "9"]
[EventCountry "FRA"]
[SourceTitle "EXT 2016"]
[Source "ChessBase"]
[SourceDate "2015.10.08"]
[SourceVersion "1"]
[SourceVersionDate "2015.10.08"]
[SourceQuality "1"]

1. e4 c5 2. Nf3 g6 3. d4 cxd4 4. Nxd4 Bg7 5. c4 Nc6 6. Be3 Nf6 7. Nc3 Ng4 8. Qxg4 Nxd4 9. Qd1 Ne6 10. Qd2 b6 11. Be2 Bb7 12. 0-0 0-0 13. f3 Rc8 14. Rfd1 d6 15. Rac1 Nc5 16. b4 Nd7 17. Nd5 Ne5 18. c5 dxc5 19. bxc5 e6 20. Nf4 Qxd2 21. Rxd2 Rc7 22. Rcd1 Rfc8 1/2-1/2

[Event "Avoine op 30th"]
[Site "Avoine"]
[Date "2015.07.18"]
[Round "1"]
[White "Dupont, Arthur"]
[Black "Poignot, Quentin"]
[Result "0-1"]
[WhiteElo "1949"]
[BlackElo "2170"]
[PlyCount "44"]
[EventDate "2015.07.18"]
[EventType "swiss"]
[EventRounds "9"]
[EventCountry "FRA"]
[SourceTitle "EXT 2016"]
[Source "ChessBase"]
[SourceDate "2015.10.08"]
[SourceVersion "1"]
[SourceVersionDate "2015.10.08"]
[SourceQuality "1"]

1. d4 Nf6 2. c4 g6 3. Nc3 Bg7 4. e4 d6 5. Nf3 0-0 6. Be2 Nbd7 7. 0-0 e5 8. dxe5 dxe5 9. Qc2 c6 10. Be3 Qe7 11. a3 Nh5 12. Nd2 Nf4 13. b4 Rd8 14. c5 Nf8 15. Nc4 N8e6 16. Rad1 Nd4 17. Bxd4 exd4 18. Nb1 Bh3 19. gxh3 Qg5+ 20. Bg4 Nxh3+ 21. Kh1 Qxg4 22. Nd6 Qf3# 0-1

[Event "Besancon op"]
[Site "Besancon"]
[Date "2014.??.??"]
[Round "6"]
[White "Haussernot, Cecile"]
[Black "Poignot, Quentin"]
[Result "0-1"]
[WhiteElo "2121"]
[BlackElo "2162"]
[PlyCount "74"]
[EventDate "2014.10.29"]
[EventType "swiss"]
[EventRounds "7"]
[EventCountry "FRA"]
[SourceTitle "EXT 2016"]
[Source "ChessBase"]
[SourceDate "2015.10.08"]
[SourceVersion "1"]
[SourceVersionDate "2015.10.08"]
[SourceQuality "1"]

1. e4 c5 2. Nc3 d6 3. Nf3 Nf6 4. d4 cxd4 5. Nxd4 g6 6. Be2 Bg7 7. Be3 0-0 8. Qd2 Nc6 9. 0-0-0 Nxd4 10. Bxd4 Be6 11. g4 Nxg4 12. Bxg7 Kxg7 13. f4 Nf6 14. h4 Qa5 15. h5 Rac8 16. f5 Rxc3 17. hxg6 Rxc2+ 18. Qxc2 Rc8 19. fxe6 Rxc2+ 20. Kxc2 fxg6 21. Rh4 Qc5+ 22. Kd3 Qb5+ 23. Ke3 Qxb2 24. Bc4 Qc3+ 25. Bd3 Qe5 26. Kf3 Qxe6 27. Rc1 Nd7 28. Ke3 Nc5 29. Bc4 Qe5 30. Rf4 e6 31. Bb3 g5 32. Rf3 Qxe4+ 33. Kf2 Nd3+ 34. Rxd3 Qxd3 35. Rc7+ Kf6 36. Rxb7 Qd4+ 37. Kf3 Qf4+ 0-1

[Event "Besancon op"]
[Site "Besancon"]
[Date "2014.??.??"]
[Round "3"]
[White "Vesin, Jean Robert"]
[Black "Poignot, Quentin"]
[Result "1-0"]
[WhiteElo "2205"]
[BlackElo "2162"]
[PlyCount "55"]
[EventDate "2014.10.29"]
[EventType "swiss"]
[EventRounds "7"]
[EventCountry "FRA"]
[SourceTitle "EXT 2016"]
[Source "ChessBase"]
[SourceDate "2015.10.08"]
[SourceVersion "1"]
[SourceVersionDate "2015.10.08"]
[SourceQuality "1"]

1. e4 c5 2. Nf3 d6 3. c3 Nf6 4. h3 Nbd7 5. Bd3 b6 6. 0-0 Bb7 7. Qe2 Qc7 8. Bc2 Rc8 9. a4 a6 10. d3 e6 11. Bf4 Be7 12. Nbd2 0-0 13. Rfe1 Rfe8 14. Bh2 Bf8 15. Rad1 g6 16. e5 dxe5 17. Nc4 Bg7 18. Nfxe5 Nxe5 19. Nxe5 Qe7 20. d4 Red8 21. dxc5 bxc5 22. Bd3 Nd7 23. Nc4 Bd5 24. Nd6 Ra8 25. Bxa6 Bb3 26. Ra1 Nb8 27. Bc4 Bxa4 28. Nxf7 1-0

[Event "Avoine op 28th"]
[Site "Avoine"]
[Date "2013.07.24"]
[Round "5"]
[White "Poignot, Quentin"]
[Black "Lemonnier, Remi"]
[Result "0-1"]
[WhiteElo "2201"]
[BlackElo "2073"]
[PlyCount "58"]
[EventDate "2013.07.20"]
[EventType "swiss"]
[EventRounds "9"]
[EventCountry "FRA"]
[SourceTitle "CBM 155 Extra"]
[Source "ChessBase"]
[SourceDate "2013.08.26"]
[SourceVersion "1"]
[SourceVersionDate "2013.08.26"]
[SourceQuality "1"]

1. e4 c5 2. Nf3 Nc6 3. Bb5 g6 4. Bxc6 dxc6 5. h3 Bg7 6. d3 Nf6 7. Nc3 e5 8. Be3 Qd6 9. 0-0 0-0 10. Qd2 Nh5 11. Bh6 f5 12. Bxg7 Nxg7 13. Nh2 Ne6 14. Ne2 g5 15. g3 h5 16. Kg2 Kf7 17. c3 b6 18. Rad1 Ba6 19. Qe3 Rg8 20. Qf3 Rad8 21. Qxh5+ Rg6 22. Ng4 Qf8 23. Nc1 Qg7 24. Ne3 Nf4+ 25. gxf4 gxf4+ 26. Kh2 Rh8 27. Nxf5 Rxh5 28. Nxg7 Rxg7 29. Rh1 Bc8 0-1

[Event "FRA-ch Accession"]
[Site "Caen"]
[Date "2011.08.18"]
[Round "3"]
[White "Poignot, Quentin"]
[Black "Bujisho, Benjamin"]
[Result "0-1"]
[WhiteElo "2154"]
[BlackElo "2369"]
[PlyCount "84"]
[EventDate "2011.08.16"]
[EventType "swiss"]
[EventRounds "11"]
[EventCountry "FRA"]
[SourceTitle "CBM 144 Extra"]
[Source "ChessBase"]
[SourceDate "2011.10.28"]
[SourceVersion "1"]
[SourceVersionDate "2011.10.28"]
[SourceQuality "1"]

1. e4 c5 2. Nc3 Nc6 3. Nf3 e6 4. d4 cxd4 5. Nxd4 Qc7 6. Be2 a6 7. 0-0 Nf6 8. Be3 d6 9. f4 Be7 10. Kh1 0-0 11. a4 Re8 12. Bf3 Rb8 13. Qd2 Bd7 14. Nb3 b6 15. g4 Bc8 16. g5 Nd7 17. Bg2 Bf8 18. Qf2 Bb7 19. Qh4 g6 20. Rf3 Nb4 21. Rc1 d5 22. Rh3 h5 23. gxh6 Kh7 24. exd5 Bxd5 25. Nxd5 Nxd5 26. Bd2 Ne7 27. Bc3 Nf5 28. Qf2 Rbd8 29. Nd2 Nc5 30. Ne4 Nxe4 31. Bxe4 Bc5 32. Qf3 Bd4 33. Rf1 Re7 34. Bxf5 exf5 35. Qg2 Re4 36. Qg5 Qc6 37. Rhf3 Rde8 38. a5 bxa5 39. Bxd4 Rxd4 40. Kg1 Rd2 41. h4 Qb6+ 42. Kh1 Ree2 0-1

[Event "Avoine op 26th"]
[Site "Avoine"]
[Date "2011.07.28"]
[Round "6"]
[White "Poignot, Quentin"]
[Black "Lagarde, Maxime"]
[Result "0-1"]
[WhiteElo "2154"]
[BlackElo "2433"]
[PlyCount "76"]
[EventDate "2011.07.23"]
[EventType "swiss"]
[EventRounds "9"]
[EventCountry "FRA"]
[SourceTitle "EXT 2012"]
[Source "ChessBase"]
[SourceDate "2011.11.24"]
[SourceVersion "1"]
[SourceVersionDate "2011.11.24"]
[SourceQuality "1"]

1. e4 c5 2. Nf3 d6 3. Bb5+ Nc6 4. Bxc6+ bxc6 5. 0-0 Bg4 6. d3 e5 7. Re1 Be7 8. Nbd2 Nf6 9. Nf1 0-0 10. h3 Bd7 11. Ng3 Re8 12. c3 Bf8 13. d4 cxd4 14. cxd4 exd4 15. Qxd4 c5 16. Qd3 Bc6 17. Bg5 h6 18. Bxf6 Qxf6 19. b3 a5 20. Rad1 g6 21. Nd2 a4 22. Nc4 axb3 23. axb3 Re6 24. Re2 Rb8 25. Rde1 Qg5 26. Ra1 Bg7 27. Rd1 Bd4 28. Kh2 h5 29. Rde1 Qf4 30. Kg1 Rf6 31. Rf1 h4 32. Nh1 d5 33. exd5 Bxd5 34. Nd2 Rf5 35. Rfe1 Rg5 36. Re8+ Kg7 37. R8e4 Re8 38. Rxf4 Rxe1+ 0-1

[Event "FRA-ch U20"]
[Site "Troyes"]
[Date "2010.04.17"]
[Round "8"]
[White "Poignot, Quentin"]
[Black "Moucheroud, Jeremy"]
[Result "0-1"]
[WhiteElo "2138"]
[BlackElo "2058"]
[PlyCount "76"]
[EventDate "2010.04.11"]
[EventType "swiss"]
[EventRounds "9"]
[EventCountry "FRA"]
[SourceTitle "EXT 2012"]
[Source "ChessBase"]
[SourceDate "2011.11.24"]
[SourceVersion "1"]
[SourceVersionDate "2011.11.24"]
[SourceQuality "1"]

1. e4 c5 2. Nf3 Nc6 3. d4 cxd4 4. Nxd4 Nf6 5. Nc3 e5 6. Ndb5 d6 7. Bg5 a6 8. Na3 b5 9. Nd5 Be7 10. Bxf6 Bxf6 11. c4 b4 12. Nc2 a5 13. g3 g6 14. h4 Bg7 15. h5 0-0 16. Bh3 Bxh3 17. Rxh3 Qg5 18. Qd2 Qxd2+ 19. Kxd2 Rab8 20. b3 f5 21. hxg6 hxg6 22. exf5 Rxf5 23. Ke2 Rbf8 24. Rh2 e4 25. Rd1 Be5 26. Nde3 Rf3 27. Ng4 Rc3 28. Rd2 a4 29. Nxe5 dxe5 30. Rh4 Rxc2 31. Rxc2 Nd4+ 32. Kd1 Nxc2 33. Kxc2 Rxf2+ 34. Kd1 a3 35. Rxe4 Rxa2 36. Rxe5 Rg2 37. Ra5 Rxg3 38. Kc2 Rc3+ 0-1

[Event "FRA-ch Accession"]
[Site "Nimes"]
[Date "2009.08.13"]
[Round "3"]
[White "Rabineau, Clement"]
[Black "Poignot, Quentin"]
[Result "1/2-1/2"]
[WhiteElo "2263"]
[BlackElo "2183"]
[PlyCount "49"]
[EventDate "2009.08.11"]
[EventType "swiss"]
[EventRounds "9"]
[EventCountry "FRA"]
[SourceTitle "CBM 132 Extra"]
[Source "ChessBase"]
[SourceDate "2009.11.03"]
[SourceVersion "1"]
[SourceVersionDate "2009.11.03"]
[SourceQuality "1"]

1. e4 c5 2. Nc3 d6 3. Nf3 Nf6 4. d4 cxd4 5. Nxd4 g6 6. Be3 Bg7 7. f3 0-0 8. Qd2 Nc6 9. Bc4 Bd7 10. 0-0-0 Rc8 11. Bb3 Ne5 12. h4 h5 13. g4 hxg4 14. h5 Nxh5 15. Bh6 e6 16. Rdg1 Qf6 17. Bxg7 Qxg7 18. fxg4 Nf6 19. g5 Nh5 20. Nf5 exf5 21. Nd5 Nf3 22. Rxh5 gxh5 23. Nf6+ Kh8 24. Qe3 fxe4 25. Rh1 1/2-1/2

[Event "FRA-chT2 East 0809"]
[Site "France"]
[Date "2009.03.14"]
[Round "8.1"]
[White "Poignot, Quentin"]
[Black "Mohebbi, Jaffar"]
[Result "1/2-1/2"]
[WhiteElo "2135"]
[BlackElo "2302"]
[PlyCount "54"]
[EventDate "2008.10.19"]
[EventType "team-tourn"]
[EventRounds "11"]
[EventCountry "FRA"]
[SourceTitle "EXT 2010"]
[Source "ChessBase"]
[SourceDate "2010.11.25"]
[SourceVersion "1"]
[SourceVersionDate "2010.11.25"]
[SourceQuality "1"]
[WhiteTeam "Besancon TPG II"]
[BlackTeam "Gambsheim"]
[WhiteTeamCountry "FRA"]
[BlackTeamCountry "FRA"]

1. e4 c5 2. Nf3 Nc6 3. Nc3 Nf6 4. d4 cxd4 5. Nxd4 e5 6. Ndb5 d6 7. Nd5 Nxd5 8. exd5 Nb8 9. c4 a6 10. Nc3 Be7 11. Be2 0-0 12. 0-0 f5 13. f4 Nd7 14. Kh1 Bf6 15. Be3 exf4 16. Bxf4 Ne5 17. Rc1 Bd7 18. b4 Rc8 19. c5 dxc5 20. bxc5 Ng6 21. Be3 Qa5 22. Qd2 Rfe8 23. Bc4 Kh8 24. Bb3 f4 25. Bg1 Bg4 26. Ne4 Qxd2 27. Nxd2 Re2 1/2-1/2